000
00305nam a22001337a 4500
008
181011b xxu||||| |||| 00| 0 eng d
020
_a
9780763726355
041
_a
eng
080
_a
721
100
_a
41
101
_a
ARK
245
_a
Computer Organization and Architecture
_c
Null, L
942
_2
udc
_c
BK
999
_c
49460
_d
49460